Super Mario Games By Picture - Statistics

General Stats
  • This quiz has been taken 214 times
  • The average score is 7 of 8
Answer Stats
Picture Answer % Correct
Super Mario Bros
99%
Super Mario Odyssey
95%
Mario Kart 8 Deluxe
94%
Super Mario Wonder
88%
Super Mario Bros 3
87%
Super Mario Bros 2
85%
Super Mario World
85%
Super Mario Land
67%
No matching quizzes found
Score Distribution
Percent of People with Each Score
Percentile by Number Answered
Your Score History
You have not taken this quiz